000 00446nam a2200205Ia 4500
001 14321
003 GE_BSU
008 181216s||||||||xx |||||||||||||| ||und||
020 _a9780140270761
040 _cGE_BSU
080 _a821.111-3
100 _aPenman,Sharon
245 _aCruel as the Grave
260 _aNew York
260 _bPenguin Books
260 _c1998
300 _a243p.18cm.
653 _aCruel as the Grave
942 _cBK
999 _c47457
_d47457